|
|
|
|
| LEADER |
00000nam a22000007a 4500 |
| 005 |
20210805214632.0 |
| 007 |
cr|||| |||| |
| 008 |
210805s2013 ca |||||s|||| 00||0 eng d |
| 020 |
|
|
|a 9781552213360
|
| 035 |
|
|
|a 34921
|
| 040 |
|
|
|a vLex
|
| 090 |
|
|
|c 11924
|d 11924
|
| 100 |
1 |
|
|a Hollander, John
|
| 245 |
1 |
0 |
|a The Civil Courtroom
|h [Recurso electrn̤ico] :
|b Professionalism to Build Rapport /
|c John Hollander
|
| 256 |
|
|
|a Servicio en ln̕ea
|
| 260 |
|
|
|a Toronto:
|b Irwin Law Inc.,
|c 2013
|
| 300 |
|
|
|a 1 recurso electrn̤ico
|
| 500 |
|
|
|a Demonstrating professionalism isone of the most important courtroom skills for civil litigators. A collateral benefit of this skill is learning to establish rapport with the people in the courtroom, including decision makers, opposing counsel, clients, and witnesses. This book will help lawyers recognize and evaluate their courtroom skills, and develop the techniques to improve these skills. Professionalism—both how lawyers act and how they relate to others—should be the ultimate goal of this development.
|
| 506 |
1 |
|
|a Disponible solo en los productos indicados
|d vLex Global
|d vLex Global (Academic Edition, excluding Law Schools)
|d vLex Global (U.S. Academic Edition, Law Schools)
|d vLex Global (U.S. Academic Edition, excluding Law Schools)
|d vLex Global (Academic Edition, Law Schools)
|
| 650 |
0 |
4 |
|a Abogados
|z Canad̀
|
| 650 |
0 |
4 |
|a Derecho Pb︢lico y Administrativo
|z Canad̀
|
| 740 |
0 |
|
|a vLex Libros (Servicio en ln̕ea)
|
| 856 |
4 |
0 |
|u https://app.vlex.com/#/sources/34921
|z Acceso restringido
|
| 942 |
|
|
|c BOOK
|
| 999 |
0 |
|
|a Lawyers
|
| 999 |
0 |
|
|a Public and Administrative Law
|